The seven spiritual laws for parents : (Record no. 609885)

000 -LEADER
fixed length control field 01168cam a2200337 a 4500
020 ## - INTERNATIONAL STANDARD BOOK NUMBER
International Standard Book Number 060960077X (alk. paper)
082 00 - DEWEY DECIMAL CLASSIFICATION NUMBER
Classification number 649.1
Author Mark CHO
100 1# - MAIN ENTRY--PERSONAL NAME
Personal name Chopra, Deepak.
245 14 - TITLE STATEMENT
Title The seven spiritual laws for parents :
Remainder of title guiding your children to success and fulfillment /
Statement of responsibility, etc. Deepak Chopra.
250 ## - EDITION STATEMENT
Edition statement 1st ed.
260 ## - PUBLICATION, DISTRIBUTION, ETC.
Place of publication, distribution, etc. New York :
Name of publisher, distributor, etc. Harmony Books,
Date of publication, distribution, etc. c1997.
300 ## - PHYSICAL DESCRIPTION
Extent 156 p. ;
Dimensions 20 cm.
563 ## - BINDING INFORMATION
Binding note HB
650 #0 - SUBJECT ADDED ENTRY--TOPICAL TERM
Topical term or geographic name entry element Child rearing
650 #0 - SUBJECT ADDED ENTRY--TOPICAL TERM
Topical term or geographic name entry element Parenting
650 #0 - SUBJECT ADDED ENTRY--TOPICAL TERM
Topical term or geographic name entry element Children
650 #0 - SUBJECT ADDED ENTRY--TOPICAL TERM
Topical term or geographic name entry element Children
650 #0 - SUBJECT ADDED ENTRY--TOPICAL TERM
Topical term or geographic name entry element Religious education of children.
650 #0 - SUBJECT ADDED ENTRY--TOPICAL TERM
Topical term or geographic name entry element Spiritual life.
856 42 - Uniform Resource Identifier
Uniform Resource Identifier <a href="http://www.loc.gov/catdir/bios/random057/97019609.html">http://www.loc.gov/catdir/bios/random057/97019609.html</a>
856 42 - Uniform Resource Identifier
Uniform Resource Identifier <a href="http://www.loc.gov/catdir/description/random0410/97019609.html">http://www.loc.gov/catdir/description/random0410/97019609.html</a>
856 41 - Uniform Resource Identifier
Uniform Resource Identifier <a href="http://www.loc.gov/catdir/enhancements/fy0703/97019609-s.html">http://www.loc.gov/catdir/enhancements/fy0703/97019609-s.html</a>
942 ## - ADDED ENTRY ELEMENTS (KOHA)
Source of classification or shelving scheme
Koha item type Book
650 #0 - SUBJECT ADDED ENTRY--TOPICAL TERM
-- 1866
650 #0 - SUBJECT ADDED ENTRY--TOPICAL TERM
-- 1867
650 #0 - SUBJECT ADDED ENTRY--TOPICAL TERM
-- 26574
650 #0 - SUBJECT ADDED ENTRY--TOPICAL TERM
-- 26574
650 #0 - SUBJECT ADDED ENTRY--TOPICAL TERM
-- 123815
650 #0 - SUBJECT ADDED ENTRY--TOPICAL TERM
-- 123816
650 #0 - SUBJECT ADDED ENTRY--TOPICAL TERM
-- 123816
650 #0 - SUBJECT ADDED ENTRY--TOPICAL TERM
-- 123817
Holdings
Withdrawn status Lost status Source of classification or shelving scheme Materials specified (bound volume or other part) Damaged status Not for loan Permanent Location Current Location Date acquired Source of acquisition Total Checkouts Full call number Barcode Date last seen Price effective from Koha item type
      Donated by Mr. Faizan Mansoor BEE-13 C SEECS 2021     Central Library (CL) Central Library (CL) 06/26/2024 Donation   649.1 CHO CL-D-2628 06/26/2024 06/26/2024 Book
© 2023 Central Library, National University of Sciences and Technology. All Rights Reserved.